00926 2200325 4500001002100000005001500021035002000036007000300056008004100059020002200100040002200122082001500144084001700159090002000176100003300196245006100229300004000290650002200330850001200352041000800364504003200372264004200404336002100446337003000467338002300497990002000520990002000540990002000560990002000580INLIS00000000085058020190827092310 a0010-0819000482ta190827s2018 yoi g ind d a978-602-6733-09-4 aYOPDYOGbinderda04223a631.86 a631.86 DER s aPK 631.86 DER s0 aDeri Ekayarti Putriepenulis10aSistem pertanian organik /cpenulis, Deri Ekayarti Putri ax, 96 halaman :bilustrasi ;c21 cm 4aPertanian Organik aYOPDYOG0 aind aBibliografi : halaman 95-96 1aYogyakarta :bAswaja Pressindo,c2018 2rdacontentateks 2rdamediaatanpa perantara 2rdacarrieravolume a41978-PD/B.2019 a41979-PD/B.2019 a41979-PD/B.2019 a41978-PD/B.2019